|
|
|
|
| LEADER |
01595nam a2200421 a 4500 |
| 001 |
000697850 |
| 003 |
CZ BrMZK |
| 005 |
20050812132118.0 |
| 007 |
ta |
| 008 |
031125s2003 xr c 000 1 cze d |
| 015 |
|
|
|a cnb001293730
|
| 020 |
|
|
|a 80-00-01237-5
|q (váz.) :
|c Kč 175,00
|
| 035 |
|
|
|a (OCoLC)56859978
|
| 040 |
|
|
|a BOA001
|b cze
|
| 041 |
1 |
|
|a cze
|h eng
|
| 072 |
|
7 |
|a 821-93
|x Literatura pro děti a mládež (beletrie)
|2 Konspekt
|9 26
|
| 072 |
|
7 |
|a 821.111-3
|x Anglická próza, anglicky psaná
|2 Konspekt
|9 25
|
| 080 |
|
|
|a 821-93
|2 MRF
|
| 080 |
|
|
|a 821.111(415)-31
|2 MRF
|
| 080 |
|
|
|a (0:82-31)
|2 MRF
|
| 100 |
1 |
|
|a Colfer, Eoin,
|d 1965-
|7 xx0002126
|4 aut
|
| 245 |
1 |
0 |
|a Artemis Fowl :
|b věčná šifra /
|c Eoin Colfer ; [přeložila Veronika Volhejnová]
|
| 246 |
3 |
3 |
|a Věčná šifra
|
| 250 |
|
|
|a 1. vyd.
|
| 260 |
|
|
|a Praha :
|b Albatros,
|c 2003
|
| 300 |
|
|
|a 273 s. ;
|c 20 cm
|
| 490 |
1 |
|
|a Klub mladých čtenářů
|
| 500 |
|
|
|a Přeloženo z angličtiny
|
| 521 |
|
|
|a Pro čtenáře od 11 let
|
| 500 |
|
|
|a Dostupné též v digitální podobě v aplikaci Kramerius
|
| 655 |
|
7 |
|a irské romány (anglicky)
|7 fd132475
|2 czenas
|
| 655 |
|
7 |
|a publikace pro mládež
|7 fd133157
|2 czenas
|
| 765 |
0 |
|
|t Artemis Fowl. The eternity code
|9 Česky
|
| 830 |
|
0 |
|a Klub mladých čtenářů (Albatros)
|0 s
|
| 856 |
4 |
1 |
|u http://www.digitalniknihovna.cz/mzk/uuid/uuid:6d724650-f025-11e5-bdc9-005056827e52
|y Digitalizovaný dokument
|x NDK
|
| 910 |
|
|
|a BOA001
|b 2-1126.171
|
| 990 |
|
|
|a BK
|
| 996 |
6 |
|
|b 2610203251
|c 2-1126.171
|l MZK
|r Sklad / do 1 hodiny
|n 10
|p p.v.
|w 000697850
|u 000010
|a 1
|e BOA001
|j MZK50
|s P
|